00352pab a2200133 454500008004000000100002100040245003900061260000900100300001500109362000800124650001800132700002500150773004300175180718b2012 xxu||||| |||| 00| 0 eng d aMukherjee, Nisha aGlobalization and human well being c2012 ap.150-170. aMar aGlobalization aKrieckhaus, Jonathan aInternational Political Science Review